Discorsi scritturali e morali (Record no. 8499)

MARC details
000 -CABECERA
campo de control de longitud fija 00847nam a2200217 a 4500
001 - NÚMERO DE CONTROL
campo de control BRCA_8848
005 - FECHA Y HORA DE LA ÚLTIMA TRANSACCIÓN
campo de control 20190320210432.0
008 - DATOS DE LONGITUD FIJA--INFORMACIÓN GENERAL
campo de control de longitud fija 120517s1757----it-#######---#000-0#ita-#
041 ## - CÓDIGO DE LENGUA
Código de lengua del texto/banda sonora o título independiente ita
044 ## - CÓDIGO DEL PAÍS DE LA ENTIDAD EDITORA/PRODUCTORA
Código MARC del país it
084 ## - OTRO NÚMERO DE CLASIFICACIÓN
Número de clasificación BE230
Número de documento/Ítem .C35 1757
100 1# - ENTRADA PRINCIPAL--NOMBRE DE PERSONA
Nombre de persona Calino, Cesare (S.I.)
Fechas asociadas al nombre 1670 - 1749
9 (RLIN) 22039
245 10 - MENCIÓN DE TÍTULO
Título Discorsi scritturali e morali
Resto del título ad vtile trattenimento delle monache
Mención de responsabilidad, etc. opera Di Cesare Calino della compagnia de Gesu´; parte seconda Diretta principalmente a profitto delle Novizie.
260 ## - PUBLICACIÓN, DISTRIBUCIÓN, ETC.
Lugar de publicación, distribución, etc. In Venezia
Nombre del editor, distribuidor, etc. Presso Gio: Battista Recurti
Fecha de publicación, distribución, etc. 1757
300 ## - DESCRIPCIÓN FÍSICA
Extensión 407 p. (t.2)
Dimensiones 16 x 8.6 cm.
500 ## - NOTA GENERAL
Nota general Con licenza de´ Superiori, e Privilegio
500 ## - NOTA GENERAL
Nota general Estado físico: presenta encuadernación en pergamino con hojas manchadas
650 14 - PUNTO DE ACCESO ADICIONAL DE MATERIA--TÉRMINO DE MATERIA
Término de materia o nombre geográfico como elemento de entrada Iglesia católica
Subdivisión cronológica Obras anteriores a 1800
9 (RLIN) 22040
902 ## - CATALOGADOR
Iniciales CFM
942 ## - ELEMENTOS DE PUNTO DE ACCESO ADICIONAL (KOHA)
Fuente del sistema de clasificación o colocación Library of Congress Classification
Tipo de ítem Koha Libros
Holdings
Estado de retiro Estado de pérdida Estado dañado No para préstamo Localización permanente Ubicación/localización actual Fecha de adquisición Total de préstamos Signatura topográfica completa Código de barras Fecha visto por última vez Precio válido a partir de Tipo de ítem Koha
El ejemplar forma parte de la colección y puede ser consultado según las políticas vigentes.       Biblioteca del Museo Franz Mayer (Rogerio Casas-Alatriste) Biblioteca del Museo Franz Mayer (Rogerio Casas-Alatriste) 12/05/2017   BE230 .C35 1757 CFM00175 22/03/2019 22/03/2019 Libros